| 000 | 00799cam a2200193 4500 | ||
|---|---|---|---|
| 001 | ABS66571 | ||
| 008 | 030502n2003 000 0 eng u | ||
| 035 | _a(Sirsi) u122182 | ||
| 100 | _aLangley, R. | ||
| 245 | _aLetters of intent | ||
| 260 | _c2003 | ||
| 490 |
_aCost Engineer _v41(2) March 2003, 21(1) |
||
| 520 | _aOffers guidelines on dealing with letters of intent. Adviss that they should only be used wheree there is a good reason and where there is a clear strategy for replacing them with signed contracts within a few days or weeks. | ||
| 590 | _aABS | ||
| 650 | _aLETTERS OF INTENT | ||
| 650 | _aBUILT ENVIRONMENT-BUILDING CONTRACT FORMS-STANDARD FORMS OF BUILDING CONTRACT-JOINT CONTRACTS TRIBNUAL CONTRACTS | ||
| 690 | _aBUILT ENVIRONMENT-BUILDING CONTRACT FORMS | ||
| 942 | _n0 | ||
| 999 |
_c72619 _d72619 |
||